Statistics for Biathlon World Championships - Host Countries

Click here to take the quiz!

General Stats

  • This quiz has been taken 236 times
  • The average score is 16 of 18

Answer Stats

#Country% Correct
7Germany
99%
8Norway
99%
5Russia
99%
9Finland
98%
5Sweden
98%
2France
97%
7Austria
95%
7Italy
95%
2United States
of America
92%
1Canada
90%
3Slovenia
90%
1Czech
Republic
89%
1Switzerland
87%
1Poland
85%
1Slovakia
83%
3Belarus
81%
1South Korea
63%
1Bulgaria
49%

Score Distribution

Percentile by Number Answered

Percent of People with Each Score

Your Score History

You have not taken this quiz